000 00380pab a2200157 454500
008 180718b1958 xxu||||| |||| 00| 0 eng d
100 _aNayak, P.R.
245 _aImproving city government
260 _c1958
300 _ap.31-37.
362 _aJan-Mar
650 _aUrban development
773 _aIndian Journal of Public Administration
908 _aN
909 _a100565
999 _c100564
_d100564